000 00920cam a2200289 a 4500
001 96-B51
003 CStRLIN
005 20180623113101.0
008 960108s1993 sp a j 001 0 spa d
020 _a958042229X
020 _a0812017994 (pbk.)
020 _a9780812017991 (pbk.)
040 _aCRic
_cCRic
041 _aspa
092 _aJSP 597.96
_bJulivert
100 1 _aJulivert, Angels.
245 1 3 _aEl fascinante mundo de las serpientes /
_c[texto, Maria Angels Julivert ; ilustraciones, Francisco Arredondo].
246 3 0 _aSerpientes.
246 3 0 _aLas serpientes
260 _aBarcelona :
_bParramon, Editorial Norma,
_cc1993.
300 _a30 p. :
_bcol. ill. ;
_c23 cm.
500 _aIncludes index.
520 _aDescribes the physical characteristics, habits, and natural environment of various kinds of snakes.
650 1 _aSnakes.
700 1 _aArredondo, Francisco
_4ill.
942 _cBK
999 _c20955
_d20955